Baltic Cluster Report : Selected Issues.

This Selected Issues paper focuses on the Baltic model, Baltic-Nordic links, and convergence. The Baltic countries form a distinct group within a tightly integrated Nordic-Baltic region. They are following similar approaches to economic policy, broadly in line with those of Northern European and the...

Descripció completa

Dades bibliogràfiques
Autor corporatiu: International Monetary Fund. European Dept
Format: Revista
Idioma:English
Publicat: Washington, D.C. : International Monetary Fund, 2014.
Col·lecció:IMF Staff Country Reports; Country Report ; No. 2014/117
Accés en línia:Full text available on IMF
LEADER 01741cas a2200241 a 4500
001 AALejournalIMF014379
008 230101c9999 xx r poo 0 0eng d
020 |c 5.00 USD 
020 |z 9781484378267 
022 |a 1934-7685 
040 |a BD-DhAAL  |c BD-DhAAL 
110 2 |a International Monetary Fund.  |b European Dept. 
245 1 0 |a Baltic Cluster Report :   |b Selected Issues. 
264 1 |a Washington, D.C. :  |b International Monetary Fund,  |c 2014. 
300 |a 1 online resource (91 pages) 
490 1 |a IMF Staff Country Reports 
500 |a <strong>Off-Campus Access:</strong> No User ID or Password Required 
500 |a <strong>On-Campus Access:</strong> No User ID or Password Required 
506 |a Electronic access restricted to authorized BRAC University faculty, staff and students 
520 3 |a This Selected Issues paper focuses on the Baltic model, Baltic-Nordic links, and convergence. The Baltic countries form a distinct group within a tightly integrated Nordic-Baltic region. They are following similar approaches to economic policy, broadly in line with those of Northern European and the Anglo-Saxon countries. Their macroeconomic policies are generally robust. The paper examines the possible causes of the creditless recoveries in the Baltic countries. It characterizes their experience in comparison with other episodes of creditless recoveries in both advanced and emerging market economies, and also investigates demand and supply constraints to credit expansion in the Baltics. 
538 |a Mode of access: Internet 
830 0 |a IMF Staff Country Reports; Country Report ;  |v No. 2014/117 
856 4 0 |z Full text available on IMF  |u http://elibrary.imf.org/view/journals/002/2014/117/002.2014.issue-117-en.xml  |z IMF e-Library